Wszystkie Orientacje - Statystyki

Ogólne statystyki
  • Ten quiz został rozwiązany 12 razy
  • Średni wynik to 5 z 8
Statystyki odpowiedzi
Opis Orientacja % Poprawnych
Pociąg seksualny do każdej (czyli obu) płci Biseksualizm
100%
Pociąg seksualny do osób innej płci Heteroseksualizm
100%
Brak pociągu seksualnego Aseksualizm
92%
Pociąg seksualny do osób tej samej płci Homoseksualizm
92%
Brak pociągu romantycznego Aromantyzm
42%
Pociąg romantyczny do każdej (czyli obu) płci Biromantyzm
42%
Pociąg romantyczny do osób tej samej płci Homoromantyzm
42%
Pociąg romantyczny do osób innej płci Heteroromantyzm
33%
Nie znaleziono quizów pasujących do podanych kryteriów
Rozkład punktacji
Procent ludzi z każdym wynikiem
Percentyl według liczby udzielonych odpowiedzi
Twoja historia wyników
Nie rozwiązałeś tego quizu